Normal view
MARC view
- .sisk, henry l
Entry Personal Name
001 - CONTROL NUMBER
- control field: 44605
003 - CONTROL NUMBER IDENTIFIER
- control field: NUST
005 - DATE AND TIME OF LATEST TRANSACTION
- control field: 20210314133020.0
008 - FIXED-LENGTH DATA ELEMENTS
- fixed length control field: 210314|| aca||aabn | a|a d
040 ## - CATALOGING SOURCE
- Original cataloging agency: NUST
- Transcribing agency: NUST
100 ## - HEADING--PERSONAL NAME
- Personal name: .sisk, henry l
670 ## - SOURCE DATA FOUND
- Source citation: Work cat.: (NUST): .sisk, henry l, Management and organization, 1973
